Hermenéutica del sujeto

Este libro reúne los resúmenes del Curso pronunciado por Michel Foucault en 1982, en su cátedra de Historia de los sistemas de pensamiento, sobre la Hermenéutica del sujeto. A estas lecciones, que no estaban destinadas a ser publicadas, por lo que deben de ser leídas como un material de trabajo prov...

Full description

Bibliographic Details
Main Author: Foucault, Michel 1926-1984
Format: Libro
Language:Spanish
Published: Madrid, España: La Piqueta, 1994.
Series:Genealogía del poder 25
Subjects:
Online Access:

MARC

LEADER 00000cam a2200000 a 4500
001 000933
003 UAHC_CL
005 20210723173905.0
008 010822b1994 cl 000 spa
020 |a 8477311773 
040 |a UAHC_CL  |c UAHC_CL  |d UAHC_CL 
082 0 4 |a 121.68 F762 
100 |a Foucault, Michel  |d 1926-1984  |9 328 
245 1 0 |a Hermenéutica del sujeto  |c Michel Foucault. 
260 |a Madrid, España:  |b La Piqueta,  |c 1994. 
300 |a 142 p. 
490 0 |a Genealogía del poder  |v 25 
520 |a Este libro reúne los resúmenes del Curso pronunciado por Michel Foucault en 1982, en su cátedra de Historia de los sistemas de pensamiento, sobre la Hermenéutica del sujeto. A estas lecciones, que no estaban destinadas a ser publicadas, por lo que deben de ser leídas como un material de trabajo provisional, hemos añadido una larga y densa entrevista en la que se abordan cuestiones relacionadas con algunos conceptos introducidos en este curso, y en donde también se clarifican algunas categorías claves en la obra de Foucault como por ejemplo el concepto de relaciones de poder. 
650 0 |a Sí mismo  |9 1520 
650 0 |a Filosofía moderna  |9 478 
650 0 |a Hermenéutica  |9 1120 
650 0 |a Sujeto (Filosofía)  |9 12656 
658 |a Gutiérrez, Claudio 
900 |a 121.68 FOU 
942 |c BK  |2 ddc 
952 |0 0  |1 0  |4 0  |6 121_680000000000000_FOU  |7 0  |8 General  |9 1971  |a BC  |b BC  |c General  |d 2017-08-03  |l 1  |m 1  |o 121.68 FOU  |p 1302664  |r 2026-01-07 00:00:00  |s 2019-08-27  |t 1  |w 2017-08-03  |x Rayado con lapiz mina y con portada manchada. FGM. 27/08/19.  |y BK 
999 |c 933  |d 933